Datum a čas kvízu

22.5 Celkem bodů Celkový počet nahraných bodů na tomto kvízu bez doplňovacích otázek.
4. Pořadí na kvízu Konečné umístění týmu na tomto kvízu.

Zaznamenané odpovědi

# Otázka Odpověď Body Výsledky
1. Škodu ve výši cca půl milionu... Tanvaldský Špičák 0
2. Meghan a Harrymu, vévodkyni a... Archie Harrison 0.5
3. Dlouholetá ředitelka zpravodaj... Jitka Obzinová 0
4. Nejsme sami, kdo se občas dopu... o Austrálii 0
5. Jak jistě víte, v pátek začalo... Jakub Vrána 0
6. Toto téma jste si vybrali Vy s... Philip Zimbardo 0
7. Na konci 30. let 20. století b... C 0
8. Takzvaný Dunningův–Krugerův ef... A D 0
9. Solomon Asch v roce 1951 ve sv... čáry 0
10. Psychologické experimenty se n... B 0